Представление документа в формате MARC21

Поле Инд. ПП Название Значение
Тип записи a
Библиографический уровень a
001 Контрольный номер 4d67cd3cb4ab4aa3b3994663c606e481
005 Дата корректировки 20221206130358.6
041 0_ a Код языка текста rus
080 a Индекс УДК 69.001
097 b Оператор *Т*
100 1_ a Автор Румянцева К.Е.
245 10 a Заглавие История развития паркингов и особенности устройства современных парковок
b Продолж. заглавия статья
p Название части/ раздела - Текст : электронный
260 a Место издания Тверь
b Издательство ТвГТУ
520 0_ a Аннотация кратко рассказано о том, где и как возникли первые парковки. Рассмотрены особенности паркинга как элемента инфраструктуры, выделены два аспекта формирования экологичности при проектировании паркингов. Приведены различные классификации паркингов, в частности дано описание типов архитектурно-композиционных решений многоуровневых паркингов. Изучены устройство паркингов и основные нормативные требования к нему. Сделан ряд важных выводов о задачах, стоящих перед архитекторами и строителями парковок.
653 0_ a Ключевые слова парковка, классификация парковок, паркинг, инфраструктура, обустройство парковок
700 12 a Другие авторы Ханыгин Д.А.
700 12 a Другие авторы Левиков А.В.
700 12 a Другие авторы Гавриленко А.В.
773 18 w Контрольный № источника 74cd496a560f49228f2dfd741c32ff31
t Название источника Теоретические исследования и экспериментальные разработки студентов и аспирантов : материалы Всероссийской (национальной) научно-практической конференции, 2022 г., Тверь : в 2 частях / под редакцией Т.Б. Новиченковой
d Место и дата издания Тверь : Тверской государственный технический университет, 2022
g Прочая информация Ч. 2. - С. 58-65
773 18 z ISBN 978-5-7995-1232-3
901 t Тип документа a
905 a Дата создания записи 28.10.22
950 a Редактор записи ст